000 00858nam a22002777a 4500
001 BR7803408
003 BR-BrBNA
005 20230928085618.0
007 ta
008 230509b bl.||||| |||| 00| 0 por d
040 _aBR-BrBNA
_bpor
_cBiblioteca Nacional de Agricultura
041 _a(Por)
072 _aE10; E15
_b/G514
090 _ E10 BR7803408
110 1 _aEmpresa Brasileira de Assistencia Tecnica e Extensao Rural, Brasilia, DF;
_93797
110 1 _aSistema Nacional de Informacao Rural, Brasilia, DF (Brasil)
_99577
245 1 _aBibliografia de economia agricola. v. 1 [Brasil]
_bDOC/TEC/77/017
260 3 _aBrasilia, DF (Brasil):
_c1978.
300 _a696 p.
650 _aMacroeconomia
650 _aMicroeconomia
650 _aEconomia agricola
650 _aBibliografia
909 _a202309
_bLucia
_c55
_dLucia Elande
942 _cBK
999 _c25378
_d25378